Verbesserte wettbewerbstposition für unternehmen im globalen wettbewerb durch logistikkettenmanagement

Salvato in:
Dettagli Bibliografici
Autore principale: Ostheimer, Josef
Natura: Capitolo di libro
Lingua:tedesco
Soggetti:
Tags: Aggiungi Tag
Nessun Tag, puoi essere il primo ad aggiungerne!!

MARC

LEADER 00000nla$a2200000$$$4500
001 0100011
005 20240502072110.4
041 0 |a ger 
044 |a SK 
245 1 0 |a Verbesserte wettbewerbstposition für unternehmen im globalen wettbewerb durch logistikkettenmanagement  |c Josef Ostheimer 
610 2 0 |a manažment logistický 
610 2 0 |a riadenie reťazcov dodávateľských 
100 1 |a Ostheimer, Josef